01110nam a2200301Ia 450000500170000000800410001702000150005805000210007310000310009424501180012525000180024326000320026130000180029333600100031133700140032133800120033550400520034751901000039965000310049965000190053065000320054965000270058170000330060870000340064194200070067595201090068299900170079120231102150854.0120626s2002 mx 000 0 spa d a9706861947 aQA276bW318 2002 aWackerly, Dennis D.eautor aEstadística matemática con aplicacionesc / Dennis D. Wackerly, William Mendenhall III y Richard L. Scheaffer a6a. edición aMéxicob: Thomsonc, 2002 a853 páginas atexto asin medio avolumen aIncluye referencias bibliográficas e índice aPlan Flexible /bIngeniería Industrial /cProbabilidad y estadística (M03-2) /d(06 000618) aESTADÍSTICA MATEMÁTICA aPROBABILIDADES aTEORÍA DE LA ESTIMACIÓN aANÁLISIS DE VARIANZA aMendenhall, Williamecoautor aScheaffer, Richard Lecoautor cLB 00104070a22b22d2009-08-06l2oQA276 W318 2002p06 000618r2017-05-04s2017-04-22t1w2012-06-26yLB c65079d65079